Estimating construction costs / (Record no. 528146)

000 -LEADER
fixed length control field 00804cam a2200277 i 4500
001 - CONTROL NUMBER
control field 4097702
003 - CONTROL NUMBER IDENTIFIER
control field NUST
005 - DATE AND TIME OF LATEST TRANSACTION
control field 20190830104305.0
008 - FIXED-LENGTH DATA ELEMENTS--GENERAL INFORMATION
fixed length control field 741206s1975 nyua 001 0 eng
010 ## - LIBRARY OF CONGRESS CONTROL NUMBER
LC control number 74031373
020 ## - INTERNATIONAL STANDARD BOOK NUMBER
International Standard Book Number 0070497389 :
Terms of availability $17.50
038 ## - RECORD CONTENT LICENSOR
Staff Name M.Ramzan
040 ## - CATALOGING SOURCE
Original cataloging agency DLC
Transcribing agency DLC
Modifying agency DLC
043 ## - GEOGRAPHIC AREA CODE
Geographic area code n-us---
050 00 - LIBRARY OF CONGRESS CALL NUMBER
Classification number TH435
Item number .P47 1975
082 00 - DEWEY DECIMAL CLASSIFICATION NUMBER
Classification number 692.5
Author Mark PER
100 1# - MAIN ENTRY--PERSONAL NAME
Personal name Peurifoy, R. L.
Fuller form of name (Robert Leroy),
Dates associated with a name 1902-1995.
9 (RLIN) 19723
245 10 - TITLE STATEMENT
Title Estimating construction costs /
Statement of responsibility, etc. R. L. Peurifoy.
250 ## - EDITION STATEMENT
Edition statement 3d ed.
260 ## - PUBLICATION, DISTRIBUTION, ETC.
Place of publication, distribution, etc. New York :
Name of publisher, distributor, etc. McGraw-Hill,
Date of publication, distribution, etc. [1975]
300 ## - PHYSICAL DESCRIPTION
Extent xvi, 456 p. :
Other physical details ill. ;
Dimensions 25 cm.
500 ## - GENERAL NOTE
General note Includes index.
650 #0 - SUBJECT ADDED ENTRY--TOPICAL TERM
Topical term or geographic name entry element Building
General subdivision Estimates
Geographic subdivision United States.
9 (RLIN) 18438
906 ## - LOCAL DATA ELEMENT F, LDF (RLIN)
a 7
b cbc
c orignew
d 1
e ocip
f 19
g y-gencatlg
942 ## - ADDED ENTRY ELEMENTS (KOHA)
Source of classification or shelving scheme
Koha item type Book
Holdings
Withdrawn status Lost status Source of classification or shelving scheme Damaged status Not for loan Permanent Location Current Location Date acquired Total Checkouts Full call number Barcode Date last seen Date last checked out Price effective from Koha item type
          School of Civil and Environmental Engineering (SCEE) School of Civil and Environmental Engineering (SCEE) 08/30/2019 1 692.5 PER NIT-10266 09/23/2020 10/10/2019 08/30/2019 Book
© 2023 Central Library, National University of Sciences and Technology. All Rights Reserved.